000 00562nam a2200169Ia 4500
008 190719s9999||||xx |||||||||||||| ||und||
020 _a9789280115062
_c£ 16.00
040 _aIMU Kochi
082 0 4 _a623.8171
_bIn858
110 _aInternational Maritime Organization
245 0 _aInternational code on Intact Stability 2008 /
_cInternational Maritime Organization
250 _a3rd ed., 2009 ed.
260 _aLondon :
_bInternational Maritime Organization ,
_c2009
300 _av, 160 p.
_b : ill.
_c; 21 cm.
650 _aStability of ships
942 _2ddc
_cBK
999 _c78
_d78